000 00412pam a2200169 a 4500
020 _a9781420063226
_c
041 _aeng
082 _a615.1
_bKRO
100 _aKrogsgaard - Larsen, P.
245 _aTextbook Drug Design and Discovery
_hTextual Documents
250 _a4th ed.
260 _aNew York
_bCRC Press
_c2010
300 _a460.
653 _aPharmacology
700 _aStromgaard, K.
930 _a2474
999 _c75755
_d75755